To the forbidden land: discoveries and adventure in Tibet (Record no. 345934)

000 -LEADER
fixed length control field 00361cam a22001217a 4500
008 - FIXED-LENGTH DATA ELEMENTS--GENERAL INFORMATION
fixed length control field 180718b1986 xxu||||| |||| 00| 0 eng d
082 ## - DEWEY DECIMAL CLASSIFICATION NUMBER
Classification number A72x515 H358
100 ## - MAIN ENTRY--PERSONAL NAME
Personal name Hedin, Sven
245 ## - TITLE STATEMENT
Title To the forbidden land: discoveries and adventure in Tibet
Statement of responsibility, etc. by Sven Hedin
260 ## - PUBLICATION, DISTRIBUTION, ETC.
Place of publication, distribution, etc. Lucknow
Name of publisher, distributor, etc. Asian
Date of publication, distribution, etc. 1986
300 ## - PHYSICAL DESCRIPTION
Extent 141p.
650 ## - SUBJECT ADDED ENTRY--TOPICAL TERM
Topical term or geographic name entry element Tibet - Description and travel
Holdings
Withdrawn status Lost status Damaged status Not for loan Permanent Location Current Location Date acquired Full call number Barcode Date last seen Price effective from Koha item type
        Indian Institute of Public Administration Indian Institute of Public Administration 1993-10-09 A72x515 H358 62755 2018-07-21 2018-07-21 Book

Powered by Koha